000 00575nam a22001937a 4500
003 NUST
008 220527b ||||| |||| 00| 0 eng d
038 _aNusrat Nadeem
040 _cCentral Library
082 _aBIT-10
100 _aUmer Riaz,Hamza Asad,Arslan Tufail
_991890
245 _aDistributed Reasoning Using Map Reduce
260 _aIslamabad
_bNUST SEECS
_c2012
300 _a52,pages,
_bHB,
_c25,cm.
563 _aHB
700 _aSupervisor: Dr. Khalid Latif
_991891
856 _uhttp://10.250.8.41:8080/xmlui/handle/123456789/11707
942 _2ddc
_cTHE
999 _c590016
_d590016